Leave the act alone (Record no. 74383)

MARC details
000 -LEADER
fixed length control field 01077cam a2200193 4500
001 - CONTROL NUMBER
control field X126056
008 - FIXED-LENGTH DATA ELEMENTS--GENERAL INFORMATION
fixed length control field 040428n2004 000 0 eng u
035 ## - SYSTEM CONTROL NUMBER
System control number (Sirsi) u126056
100 ## - MAIN ENTRY--PERSONAL NAME
Personal name Bingham, T.
245 ## - TITLE STATEMENT
Title Leave the act alone
260 ## - PUBLICATION, DISTRIBUTION, ETC.
Date of publication, distribution, etc. 2004
490 ## - SERIES STATEMENT
Series statement Building
Volume/sequential designation 269(8327) 8 April 2004 50-51(2)
520 ## - SUMMARY, ETC.
Summary, etc. Discusses the creation of CIPER the construction industry's new government forum, which may lead to a change in the Housing Grants, Construction and Regeneration Act 1996. Argues that the Act is a very effective dispute management tool which helps contractors manage disputes effectively instead of taking them to the HC. Recommends a useful approach could be one that is being taken by the Society of Construction Law which has suggested an open forum where discussion of the Act can take place by users who are affected by the outcome of adjudication.
650 ## - SUBJECT ADDED ENTRY--TOPICAL TERM
Topical term or geographic name entry element HOUSING GRANTS, CONSTRUCTION AND REGENERATION ACT 1996
650 ## - SUBJECT ADDED ENTRY--TOPICAL TERM
Topical term or geographic name entry element ADJUDICATION PROCEDURE
650 ## - SUBJECT ADDED ENTRY--TOPICAL TERM
Topical term or geographic name entry element PAYMENT PROVISIONS
690 ## - LOCAL SUBJECT ADDED ENTRY--TOPICAL TERM (OCLC, RLIN)
Topical term or geographic name as entry element Dispute resolution
9 (RLIN) 6236
942 ## - ADDED ENTRY ELEMENTS (KOHA)
Suppress in OPAC 0
Holdings
Withdrawn status Lost status Source of classification or shelving scheme Damaged status Not for loan Home library Current library Shelving location Date acquired Total Checkouts Full call number Barcode Date last seen Copy number Price effective from Koha item type
    Dewey Decimal Classification     London London Journal article 28/04/2004   X126056 126056-1001 06/08/2019 1 06/08/2019 Journal article